Personnel organization and procedure (Record no. 147446)

MARC details
000 -LEADER
fixed length control field 00971nam a2200253Ia 4500
003 - CONTROL NUMBER IDENTIFIER
control field OSt
005 - DATE AND TIME OF LATEST TRANSACTION
control field 20220918173147.0
008 - FIXED-LENGTH DATA ELEMENTS--GENERAL INFORMATION
fixed length control field 220917b |||||||| |||| 00| 0 eng d
037 ## - SOURCE OF ACQUISITION
Terms of availability Textual
040 ## - CATALOGING SOURCE
Original cataloging agency ARTS
Transcribing agency ARTS
Language of cataloging eng
041 ## - LANGUAGE CODE
Source of code eng
Language code of text/sound track or separate title eng
110 ## - MAIN ENTRY--CORPORATE NAME
Corporate name or jurisdiction name as entry element American Library Association , Personnel Administraton. (Board on-). Personnel Organization And Procedure ((Sub-Committee on-))
9 (RLIN) 45161
245 #0 - TITLE STATEMENT
Title Personnel organization and procedure
Remainder of title A manual suggested for use in college and university libraries
260 ## - PUBLICATION, DISTRIBUTION, ETC.
Place of publication, distribution, etc. Chicago
Name of publisher, distributor, etc. American Library Association USA
Date of publication, distribution, etc. 1940
300 ## - PHYSICAL DESCRIPTION
Extent 57
Dimensions cm.
650 ## - SUBJECT ADDED ENTRY--TOPICAL TERM
Topical term or geographic name entry element LIBRARY SCIENCE
700 ## - ADDED ENTRY--PERSONAL NAME
Personal name American Library Association , Personnel Administraton. (Board on-). Personnel Organization And Procedure ((Sub-Committee on-))
9 (RLIN) 45162
942 ## - ADDED ENTRY ELEMENTS (KOHA)
Classification part 2:8, H0 (TSec)
Koha item type Textual
Source of classification or shelving scheme Colon Classification (CC)
Holdings
Withdrawn status Lost status Damaged status Not for loan Home library Current library Date acquired Total Checkouts Full call number Barcode Date last seen Price effective from Koha item type
        Arts Library Arts Library 2022-09-18   2:8 H0 (TSec) AL0091964 2022-09-18 2022-09-18 Textual
Copyright @ Delhi University Library System